<?xml version="1.0" encoding="UTF-8"?>
<record
    xmlns:xsi="http://www.w3.org/2001/XMLSchema-instance"
    xsi:schemaLocation="http://www.loc.gov/MARC21/slim http://www.loc.gov/standards/marcxml/schema/MARC21slim.xsd"
    xmlns="http://www.loc.gov/MARC21/slim">

  <leader>01879nam a22002537a 4500</leader>
  <controlfield tag="001">114027</controlfield>
  <controlfield tag="003">DR-UNIBE</controlfield>
  <controlfield tag="005">20250807112047.0</controlfield>
  <controlfield tag="008">250807b2025    dr ||||| |||| 00| 0 spa d</controlfield>
  <datafield tag="020" ind1=" " ind2=" ">
    <subfield code="a">9789945945331</subfield>
  </datafield>
  <datafield tag="040" ind1=" " ind2=" ">
    <subfield code="a">BIBLIOTECA UNIBE</subfield>
    <subfield code="c">BIBLIOTECA UNIBE</subfield>
    <subfield code="e">rda</subfield>
  </datafield>
  <datafield tag="041" ind1=" " ind2=" ">
    <subfield code="a">spa</subfield>
  </datafield>
  <datafield tag="082" ind1=" " ind2=" ">
    <subfield code="a">RD 972.93 B333h</subfield>
  </datafield>
  <datafield tag="100" ind1="1" ind2=" ">
    <subfield code="a">Batista Lemaire, Olivier</subfield>
    <subfield code="e">autor</subfield>
    <subfield code="9">1434</subfield>
  </datafield>
  <datafield tag="245" ind1="1" ind2="0">
    <subfield code="a"> Historia social de la dominaci&#xF3;n haitiana (1822-1844) / </subfield>
    <subfield code="c">Olivier Batista Lemaire </subfield>
  </datafield>
  <datafield tag="260" ind1=" " ind2=" ">
    <subfield code="a"> Santo Domingo : </subfield>
    <subfield code="b">Academia Dominicana de la Historia : Archivo General de la Naci&#xF3;n, </subfield>
    <subfield code="c">2025</subfield>
  </datafield>
  <datafield tag="300" ind1=" " ind2=" ">
    <subfield code="a">497 p&#xE1;ginas : </subfield>
    <subfield code="b">ilustraciones, fotograf&#xED;as</subfield>
  </datafield>
  <datafield tag="490" ind1=" " ind2=" ">
    <subfield code="a"> Archivo General de la Naci&#xF3;n ;</subfield>
    <subfield code="v"> 171</subfield>
  </datafield>
  <datafield tag="490" ind1=" " ind2=" ">
    <subfield code="a">Academia Dominicana de la Historia ; </subfield>
    <subfield code="v">540</subfield>
  </datafield>
  <datafield tag="505" ind1=" " ind2=" ">
    <subfield code="a">Cap&#xED;tulo 1. La invasi&#xF3;n de Toussaint Louverture a Santo Domingo: dictadura agraria y rechazo |
Cap&#xED;tulo 2. Jean Pierre Boyer y el grupo socio&#xE9;tnico mulato: biograf&#xED;a social y contexto pol&#xED;tico-militar  |
Cap&#xED;tulo 3. El poder militar haitiano y la relegaci&#xF3;n social de los hispano-dominicanos |
Cap&#xED;tulo 4. Acciones de resistencia y protestas de los hispano-dominicanos contra las arbitrariedades y vej&#xE1;menes militares |
Cap&#xED;tulo 5.  La &#xE9;lite civil hispano-dominicana: posiciones sociales ancilares y/o exilio protestatario |
Cap&#xED;tulo 6.  La cuesti&#xF3;n esclava: de la abolici&#xF3;n de la esclavitud a la servidumbre |
Cap&#xED;tulo 7.  La Ley del 8 de julio de 1824: expropiaciones y resistencia popular hispano-dominicana.
Cap&#xED;tulo 8. La repartici&#xF3;n de tierras por Jean Pierre Boyer: de la ficci&#xF3;n a la realidad |
Cap&#xED;tulo 9. El c&#xF3;digo rural de 1826: una opci&#xF3;n coercitiva para aumentar la producci&#xF3;n |</subfield>
  </datafield>
  <datafield tag="650" ind1=" " ind2="7">
    <subfield code="2">lemb</subfield>
    <subfield code="a">Historia</subfield>
    <subfield code="z">Rep&#xFA;blica Dominicana </subfield>
    <subfield code="9">198254</subfield>
  </datafield>
  <datafield tag="651" ind1=" " ind2="7">
    <subfield code="2">lemb</subfield>
    <subfield code="a">Rep&#xFA;blica Dominicana</subfield>
    <subfield code="x">Historia </subfield>
    <subfield code="y">Ocupaci&#xF3;n haitiana, 1822-1844 </subfield>
    <subfield code="9">198251</subfield>
  </datafield>
  <datafield tag="942" ind1=" " ind2=" ">
    <subfield code="2">ddc</subfield>
    <subfield code="c">BK</subfield>
  </datafield>
  <datafield tag="999" ind1=" " ind2=" ">
    <subfield code="c">114027</subfield>
    <subfield code="d">114027</subfield>
  </datafield>
  <datafield tag="952" ind1=" " ind2=" ">
    <subfield code="0">0</subfield>
    <subfield code="1">0</subfield>
    <subfield code="2">ddc</subfield>
    <subfield code="7">0</subfield>
    <subfield code="8">GEN-RD</subfield>
    <subfield code="a">Principal</subfield>
    <subfield code="d">2025-08-07</subfield>
    <subfield code="l">0</subfield>
    <subfield code="o">RD 972.93 B333h</subfield>
    <subfield code="p">250937</subfield>
    <subfield code="r">2025-08-07 11:06:12</subfield>
    <subfield code="t">Ej. 1</subfield>
    <subfield code="w">2025-08-07</subfield>
    <subfield code="y">BK</subfield>
  </datafield>
</record>
